| 000 | 00514nam a2200181Ia 4500 | ||
|---|---|---|---|
| 003 | OSt | ||
| 005 | 20250624163504.0 | ||
| 008 | 210210b1990 xxu||||| |||| 00| 0 eng d | ||
| 040 | _cAL | ||
| 082 | _aK894.3 NAVI | ||
| 100 |
_aNAVARATNARAM _9215608 _dನವರತ್ನರಾಂ |
||
| 245 |
_aIdu gombeyatavayya! _bಇದು ಗೊಂಬೆಯಾಟವಯ್ಯ |
||
| 260 |
_aBengaluru _bGitanjali Pablikeshans _c1990 |
||
| 300 | _a160 | ||
| 690 |
_aKannada Fiction _9215609 |
||
| 906 | _a043297 | ||
| 942 |
_2ddc _cBK |
||
| 999 |
_c93102 _d93102 |
||